Bayern Monachium - najdroższe transfery - Statystyki

Ogólne statystyki
  • Ten quiz został rozwiązany 342 razy
    257 od ostatniego zresetowania
  • Średni wynik to 15 z 20
Statystyki odpowiedzi
Sezon Kwota Klub sprzedający Narodowość Pozycja Zawodnik % Poprawnych
23/24 95 mln € Tottenham Anglia ś. napastnik Harry Kane
100%
23/24 50 mln € Napoli Korea Południowa ś. obrońca Min-jae Kim
93%
24/25 53 mln € Crystal Palace Francja/Anglia p. napastnik Michael Olise
91%
22/23 32 mln € Liverpool Senegal l. napastnik Sadio Mané
89%
22/23 67 mln € Juventus Holandia ś. obrońca Matthij de Ligt
88%
20/21 49 mln € Manchester City Niemcy/Francja p. napastnik Leroy Sané
87%
15/16 39,25 mln € Juventus Chile ś. pomocnik Arturo Vidal
85%
11/12 30 mln € Schalke Niemcy bramkarz Manuel Neuer
85%
21/22 42,50 mln € RB Lipsk Francja/Gwinea Bissau ś. obrońca Dayot Upamecano
83%
16/17 35 mln € Borussia Dortmund Niemcy ś. obrońca Mats Hummels
80%
13/14 37 mln € Borussia Dortmund Niemcy of. pomocnik Mario Götze
79%
19/20 80 mln € Atlético Madryt Francja/Hiszpania l. obrońca Lucas Hernández
76%
24/25 51 mln € Fulham Portugalia def. pomocnik João Palhinha
68%
17/18 41,50 mln € Olympique Lyon Francja/Togo ś. pomocnik Corentin Tolisso
67%
15/16 30 mln € Shakhtar Donieck Brazylia p. napastnik Douglas Costa
62%
12/13 40 mln € Athletic Bilbao Hiszpania def. pomocnik Javi Martínez
60%
16/17 35 mln € Benfica Portugalia/W-y Św. Tomasza i Ks. ś. pomocnik Renato Sanches
59%
19/20 35 mln € Stuttgart Francja ś. obrońca Benjamin Pavard
56%
07/08 30 mln € Olympique Marsylia Francja l. napastnik Franck Ribéry
56%
09/10 30 mln € Stuttgart Niemcy/Hiszpania ś. napastnik Mario Gómez
50%
Nie znaleziono quizów pasujących do podanych kryteriów
Rozkład punktacji
Procent ludzi z każdym wynikiem
Percentyl według liczby udzielonych odpowiedzi
Twoja historia wyników
Nie rozwiązałeś tego quizu od ostatniego zresetowania